[Event "St Petersburg-ch sf"]
[Site "St Petersburg"]
[Date "2013.02.03"]
[Round "9"]
[White "Gubochkin, Viacheslav"]
[Black "Reznik, Vladimir"]
[Result "1-0"]
[WhiteElo "2034"]
[BlackElo "2105"]
[PlyCount "49"]
[EventDate "2013.01.26"]
[EventType "swiss"]
[EventRounds "9"]
[EventCountry "RUS"]
[SourceTitle "CBM 152 Extra"]
[Source "ChessBase"]
[SourceDate "2013.02.25"]
[SourceVersion "1"]
[SourceVersionDate "2013.02.25"]
[SourceQuality "1"]

1. d4 d5 2. Nf3 Nf6 3. c4 e6 4. Nc3 c6 5. e3 Nbd7 6. Qc2 Bd6 7. g4 Nxg4 8. Rg1 Ndf6 9. h3 Nh6 10. Rxg7 Nf5 11. Rg1 Bd7 12. Bd2 Qc7 13. c5 Be7 14. Ne5 Rf8 15. Bd3 0-0-0 16. 0-0-0 Nh5 17. Qa4 Kb8 18. Be2 Nhg7 19. e4 Bxc5 20. Nxd7+ Rxd7 21. exf5 b5 22. Bxb5 cxb5 23. Nxb5 Qb6 24. Bf4+ Ka8 25. Rxg7 1-0

[Event "St Petersburg-ch sf"]
[Site "St Petersburg"]
[Date "2013.01.29"]
[Round "4"]
[White "Gubochkin, Viacheslav"]
[Black "Shchukin, Dmitry"]
[Result "0-1"]
[WhiteElo "2034"]
[BlackElo "2333"]
[PlyCount "58"]
[EventDate "2013.01.26"]
[EventType "swiss"]
[EventRounds "9"]
[EventCountry "RUS"]
[SourceTitle "CBM 152 Extra"]
[Source "ChessBase"]
[SourceDate "2013.02.25"]
[SourceVersion "1"]
[SourceVersionDate "2013.02.25"]
[SourceQuality "1"]

1. d4 Nf6 2. c4 g6 3. d5 Bg7 4. Nc3 d6 5. e4 c6 6. Be2 a6 7. a4 a5 8. Nf3 0-0 9. 0-0 Bg4 10. h3 Bxf3 11. Bxf3 Nfd7 12. Ra3 Na6 13. Be3 Nac5 14. Bd4 Bxd4 15. Qxd4 Qb6 16. Rd1 Qxb2 17. Ra2 Qb6 18. Rb1 Qc7 19. Rab2 e5 20. Qd2 Rad8 21. g4 Kh8 22. Kg2 f5 23. exf5 gxf5 24. gxf5 Rxf5 25. Bg4 Rf4 26. Qe2 Nf6 27. Kh1 Qg7 28. Rg1 Rg8 29. Rbb1 Qh6 0-1

[Event "St Petersburg-ch sf"]
[Site "St Petersburg"]
[Date "2013.01.26"]
[Round "1"]
[White "Gubochkin, Viacheslav"]
[Black "Solovyov, Viktor"]
[Result "0-1"]
[WhiteElo "2034"]
[BlackElo "2293"]
[PlyCount "80"]
[EventDate "2013.01.26"]
[EventType "swiss"]
[EventRounds "9"]
[EventCountry "RUS"]
[SourceTitle "CBM 152 Extra"]
[Source "ChessBase"]
[SourceDate "2013.02.25"]
[SourceVersion "1"]
[SourceVersionDate "2013.02.25"]
[SourceQuality "1"]

1. d4 Nf6 2. c4 e6 3. Nf3 d5 4. Nc3 dxc4 5. Qa4+ c6 6. Qxc4 b5 7. Qd3 a6 8. Bg5 Nbd7 9. e4 Qb6 10. e5 Nd5 11. Nxd5 cxd5 12. a3 b4 13. Be2 a5 14. 0-0 h6 15. Be3 Ba6 16. Qd2 Bxe2 17. Qxe2 Be7 18. a4 b3 19. Nd2 0-0 20. Qd3 Qa6 21. Qxa6 Rxa6 22. Rfc1 Nb6 23. Rc6 Rfa8 24. Nxb3 Nc4 25. Rc7 Rb8 26. Nc1 Bd8 27. Rd7 Nxe3 28. fxe3 Bg5 29. Kf2 Rxb2+ 30. Kf3 Rc6 31. Nd3 Rb3 32. Nf4 Rcc3 33. g3 Rxe3+ 34. Kg4 Re4 35. Rc1 Bxf4 36. gxf4 g5 37. Rf1 Rxd4 38. Ra7 Rxa4 39. h4 Rxf4+ 40. Rxf4 gxf4 0-1

[Event "Sunny Beach op 10th"]
[Site "Sunny Beach"]
[Date "2011.08.29"]
[Round "3"]
[White "Priwitzer, Viliam"]
[Black "Gubochkin, Viacheslav"]
[Result "0-1"]
[WhiteElo "1676"]
[BlackElo "2058"]
[PlyCount "71"]
[EventDate "2011.08.27"]
[EventType "swiss"]
[EventRounds "9"]
[EventCountry "BUL"]
[SourceTitle "CBM 144 Extra"]
[Source "ChessBase"]
[SourceDate "2011.10.28"]
[SourceVersion "1"]
[SourceVersionDate "2011.10.28"]
[SourceQuality "1"]

1. e4 c5 2. Nf3 Nc6 3. d4 cxd4 4. Nxd4 e5 5. Nb3 Nf6 6. Bg5 h6 7. Bxf6 Qxf6 8. Bc4 Qg6 9. Qf3 Bb4+ 10. c3 Be7 11. N1d2 d6 12. h3 a5 13. a4 0-0 14. g3 Bd7 15. Nf1 Be6 16. Nbd2 Bxc4 17. Nxc4 f5 18. exf5 Rxf5 19. Qd5+ Kh8 20. Nfe3 Rf7 21. 0-0 h5 22. h4 Rd8 23. Kh2 Rdf8 24. Qd2 Qe4 25. Qe2 Qg6 26. Rad1 Kg8 27. Ng2 Qe6 28. Nd2 d5 29. Nf4 Rxf4 30. gxf4 Rxf4 31. Nf3 e4 32. Rg1 Rxf3 33. Rg3 Ne5 34. Rdg1 Qf6 35. Kg2 Rxg3+ 36. fxg3 0-1

[Event "Albena op"]
[Site "Albena"]
[Date "2010.06.08"]
[Round "6"]
[White "Ivanova, Gergana"]
[Black "Gubochkin, Viacheslav"]
[Result "1-0"]
[WhiteElo "1682"]
[BlackElo "2095"]
[PlyCount "61"]
[EventDate "2010.06.03"]
[EventType "swiss"]
[EventRounds "9"]
[EventCountry "BUL"]
[SourceTitle "CBM 136 Extra"]
[Source "ChessBase"]
[SourceDate "2010.07.02"]
[SourceVersion "2"]
[SourceVersionDate "2010.07.15"]
[SourceQuality "1"]

1. d4 Nf6 2. c4 e6 3. Nf3 d5 4. Nc3 c6 5. cxd5 exd5 6. Bg5 Be7 7. Qc2 Nbd7 8. e3 0-0 9. Bd3 Re8 10. 0-0 Nf8 11. Rae1 Bg4 12. Ne5 Bc8 13. f4 N6d7 14. Bxe7 Qxe7 15. e4 dxe4 16. Nxe4 Qb4 17. Bc4 Nxe5 18. fxe5 Be6 19. b3 b5 20. a3 Qxa3 21. Bxe6 Nxe6 22. Qf2 Re7 23. Qh4 Qb4 24. Kh1 Nxd4 25. Rd1 Nc2 26. Rf4 Qa3 27. Nf6+ gxf6 28. exf6 Re1+ 29. Rxe1 Nxe1 30. Qg5+ Kf8 31. Re4 1-0

[Event "St Petersburg-ch qual"]
[Site "St Petersburg"]
[Date "2006.11.27"]
[Round "1"]
[White "Gubochkin, Viacheslav"]
[Black "Bashkirov, Valentin"]
[Result "1/2-1/2"]
[WhiteElo "2066"]
[BlackElo "2009"]
[PlyCount "92"]
[EventDate "2006.11.27"]
[EventType "swiss"]
[EventRounds "10"]
[EventCountry "RUS"]
[SourceTitle "EXT 2008"]
[Source "ChessBase"]
[SourceDate "2007.11.25"]
[SourceVersion "1"]
[SourceVersionDate "2007.11.25"]
[SourceQuality "1"]

1. d4 f5 2. Bf4 e6 3. e3 Nf6 4. h3 d5 5. Nf3 Bd6 6. Ne5 0-0 7. Nd2 c6 8. Bd3 Ne4 9. c3 Bxe5 10. Bxe5 Nd7 11. Bf4 Nxd2 12. Qxd2 Qe7 13. 0-0-0 e5 14. Bh2 e4 15. Bc2 a5 16. Rhf1 b5 17. f3 Ba6 18. fxe4 fxe4 19. Rxf8+ Qxf8 20. Bc7 a4 21. a3 Qf6 22. Re1 Rf8 23. Bd1 Qf2 24. Qxf2 Rxf2 25. Rg1 Rf7 26. g4 Nc5 27. Bg3 Nd3+ 28. Kc2 Nf2 29. h4 Bc8 30. Bf4 Nxd1 31. Kxd1 h6 32. g5 h5 33. g6 Rf6 34. Rg5 Bg4+ 35. Kc2 Rf5 36. b3 Rxg5 37. Bxg5 axb3+ 38. Kxb3 Bf5 39. Kb4 Bxg6 40. Kc5 Be8 41. Kd6 Kf7 42. Bd8 Kf8 43. Bg5 Kf7 44. Be7 g6 45. Bg5 Kf8 46. Be7+ Kf7 1/2-1/2